1653 1886 1895 1271 1187 1471 1130 1773 1747 1784 1059 1236 1153 1462 1689 1396 1773 1088 1376 1828 1754 1159 1266 1832 1050 1574 1044 1875 1492 1561 1479 1522 1238 1921 1970 1176 1047 1608 1268 1325 1055 1428 1709 1297 1640 1381 1816 1371 1514 1667 1039 1207 1179 1399 1255 1766 1623 1411 1496 1532 1568 1254 1816 1436 1917 1813 1947 1043 1835 1574 1167 1401 1533 1121 1521 1163 1566 1471 1042 1710 1010 1916 1542 1084 1402 1467 1998 1359 1681 1559 1134 1290 1138 1081 1670 1140 1314 1639 1014 BCNSPRNW ULIB Ver.6.0+V

เปลี่ยนเป็นภาษาไทย

Change to English
 แสดงรายละเอียดบรรณานุกรม
  กลับหน้าหลัก

Brief Record : Get Marc (ISO 2709) : E-mail record : QR code < ปิดหน้าต่าง
LEADER : 00000nam 2200000uu 4500
001    13399111628
003     ULIB
008    110704s2549||||th 000 0 tha d
020    9746507257
060 04 WY100.5^bผ159ค 2549 ล.2
245 00 คู่มือการใช้แบบบันทึกทางการพยาบาล (เล่ม 2) /^cฝ่ายการพยาบาล โรงพยาบาลศิริราช ; บรรณาธิการ, ชรัสนิกูล ยิ้มบุญณะ
246 30 การใช้แบบบันทึกทางการพยาบาล (เล่ม 2)
250    พิมพ์ครั้งที่ 1
260    กรุงเทพฯ :^bฝ่ายการพยาบาล โรงพยาบาลศิริราช คณะแพทยศาสตร์ศิริราชพยาบาล,^c2549
300    158 หน้า :^bภาพประกอบ ;^c30 ซม.
650  7 การพยาบาล^xการบันทึก
650  7 บันทึกการพยาบาล^vคู่มือ
700 0  ชรัสนิกูล ยิ้มบุญณะ,^eบรรณาธิการ
710 2  มหาวิทยาลัยมหิดล. ^bคณะแพทยศาสตร์ศิริราชพยาบาล
710 2  โรงพยาบาลศิริราช. ^bฝ่ายการพยาบาล
945    ^p250^l0^i15096
945    ^p250^l0^i15095
995    เกษร
999    ^aใช้งานได้ทุกระบบ
รายการนี้ยังไม่มีแท็ก
คุณยังไม่ได้ล็อกอิน คุณสามารถมีกิจกรรมร่วมกับเว็บไซต์ได้ แต่ต้องล็อกอินก่อน ::
  ล็อกอิน

รายการสื่อสารสนเทศ

ลำดับที่ ประเภท เลขเรียก/บาร์โค้ด สถานที่ สถานะ
1. Book การพยาบาล
Book การพยาบาล
สถานะ=หนังสือเก่า
WY100.5 ผ159ค 2549 ล.2 ฉ.1 
  Barcode: 15095
ห้องสมุดวิทยาเขตนครสวรรค์
►หนังสือทั่วไป:l:General Books
บนชั้น
2. Book การพยาบาล
Book การพยาบาล
สถานะ=หนังสือเก่า
WY100.5 ผ159ค 2549 ล.2 ฉ.2 
  Barcode: 15096
ห้องสมุดวิทยาเขตนครสวรรค์
►หนังสือทั่วไป:l:General Books
บนชั้น

BibComment


ยังไม่เคยถูกคอมเมนท์

คอมเมนท์ทรัพยากรรายการนี้
  คอมเมนท์: คู่มือการใช้แบบบั..


 Copyright 2026. Bcnsprnw @Library